Quiz sulla lingua italiana - Statistics

Statistiche generali
  • Questo quiz è stato fatto 103 volte
  • Il punteggio medio è 11 su 15
Statistiche sulle risposte
Domanda Risposta % Corretto
Zuccone Testardo
96%
Soqquadro Disordine
95%
Brigante Fuorilegge
95%
Obsoleto Antiquato
94%
Procrastinare Rimandare
91%
Aulico Nobile
80%
Imperituro Immortale
76%
Onirico Sognante
73%
Peregrino Viaggiatore
69%
Smargiasso Arrogante
67%
Balocco Giocattolo
64%
Effimero Breve
60%
Nisseno Abitante di Caltanissetta
53%
Alacre Veloce
40%
Epodierese Abitante di Ivrea
35%
Nessun quiz corrispondente trovato
Distribuzione punteggi
Percentuale di utenti per punteggio
Percentile per numero di risposta
I tuoi punteggi nel tempo
Non hai fatto questo quiz